Buchstaben zur Einzigartigkeit - Länder - Statistiken

Allgemein
  • Dieses Quiz wurde 141 mal gespielt
  • Das Durchschnittsergebnis liegt bei 10 aus 15
Antwortstatistiken
Hint Explanation Antwort % Korrekt
Bhutan Bahamas, Bahrain, Bangladesh, Barbados, Belarus, Belgien, Belize, Benin, Bolivien, Bosnien und Herzegowina, Botswana, Brasilien, Brunei, Bulgarien, Burkina Faso, Burundi 2
84%
Thailand Taiwan, Tadschikistan, Tansania, Tschad, Tschechien, Togo, Tonga, Trinidad und Tobago, Tunisien, Türkei, Turkmenistan, Tuvalu 2
79%
Rumänien Ruanda, Russland 3
79%
Lettland Lesotho 3
74%
Slowenien Slowakei 5
71%
Aserbaijan Afghanistan, Albanien, Algerien, Andorra, Angola, Antigua und Barbuda, Argentinien, Armenien, Australien 2
70%
Grenada Griechenland 3
69%
Libanon Liberia, Libyen 4
66%
Singapur Sierra Leone, Simbabwe 3
65%
Samoa Sambia 4
63%
Bulgarien Burkina Faso, Burundi 3
61%
Kambodscha Kamerun 4
57%
Norwegen Nordkorea, Nordmazedonien 4
55%
Mongolei Monaco, Montenegro 4
52%
Malawi Malaysia 5
31%
Keine übereinstimmenden Quizze gefunden
Verteilung der Resultate
Anzahl Personen mit jedem Resultat
Perzentil nach korrekt beantworteten Fragen
Ihre Resultats-Entwicklung
Sie haben dieses Quiz noch nicht gespielt